|
|
|
|
| LEADER |
00000cam a2200000 7i4500 |
| 001 |
0000014841 |
| 005 |
20230621143956.0 |
| 008 |
080306 |
| 020 |
|
|
|a 9789832567707
|
| 020 |
|
|
|a 983256770x
|
| 090 |
0 |
0 |
|a 909
|b SYE
|
| 100 |
0 |
|
|a Syed Mahadzir Syed Ibrahim
|
| 245 |
1 |
0 |
|a 365 hari dalam sejarah
|c Syed Mahadzir Syed Ibrahim
|
| 246 |
1 |
|
|a Tiga ratus enam puluh lima hari dalam sejarah
|
| 260 |
|
|
|a Selangor :
|b Pekan Ilmu ,
|c 2006
|
| 650 |
|
0 |
|a World history
|
| 999 |
|
|
|a 0000941186
|b Book
|c Adult Collection
|e Cawangan Taman Sri Lambak
|
| 999 |
|
|
|a 0000947518
|b Book
|c Adult Collection
|e Cawangan Tmn. Ungku Tun Aminah
|
| 999 |
|
|
|a 0001016346
|b Book
|c Adult Collection
|e Perbadanan Perpustakaan Awam Johor
|
| 999 |
|
|
|a 0001016347
|b Book
|c Adult Collection
|e Perbadanan Perpustakaan Awam Johor
|
| 999 |
|
|
|a 0001016348
|b Book
|c Adult Collection
|e Cawangan Urban Transformation Centre
|
| 999 |
|
|
|a 0001070917
|b Book
|c Adult Collection
|e Cawangan Sri Merlong
|
| 999 |
|
|
|a 0001070948
|b Book
|c Adult Collection
|e Cawangan Bandar Tenggara
|
| 999 |
|
|
|a 0001070949
|b Book
|c Adult Collection
|e Cawangan Tmn. Ungku Tun Aminah
|